000 00647nam a2200241Ia 4500
003 OSt
005 20221007072455.0
006 a|||||r|||| 00| 0
007 ta
008 221006b |||||||| |||| 00| 0 eng d
024 _a25,282
037 _cTextual
040 _aFLL
_cFLL
_beng
041 _2eng
_aeng
082 _aZ3:88, G7
100 _aBentwich Norman
_994452
245 0 _aPractice of the privy council in judicial matters
250 _a3rd
260 _aLondon
_bSweet & Maxwell ,Limited UK
_c1937
300 _axxiii,353p
_ccm.
942 _hZ3:88, G7
_cTEXL
_2CC
999 _c1146172
_d1146172